000 00620nam a22002175b 4500
003 OSt
005 20150316111244.0
008 940324s1997 sp | |||| ||spa
020 _a84-348-4097-9
040 _cBMC
082 _a808.068083
100 1 _aMilani, Mino
_930782
245 1 0 _aGuillermo y la moneda de oro
_cMino Milani ; [traducción de, Juan José Rodríguez]
250 _a4ª ed
260 _aMadrid
_bSM
_ccop. 1997
300 _a103 p.
_bil.
_c19 cm
490 _aEl barco de vapor
_v82
650 2 4 _929811
_aCuentos infantiles
700 1 1 _aRodríguez Andina, Juan José
_924781
942 _2ddc
_cBK
999 _c17790
_d17790